[Event "Regionalliga SW 1314"]
[Site "Bayern"]
[Date "2013.11.24"]
[Round "3.7"]
[White "Strobl, Frank"]
[Black "Gashi, Gazmend"]
[Result "1-0"]
[WhiteElo "1917"]
[BlackElo "1927"]
[PlyCount "79"]
[EventDate "2013.10.13"]
[EventType "team-tourn"]
[EventRounds "9"]
[EventCountry "GER"]
[SourceTitle "EXT 2015"]
[Source "ChessBase"]
[SourceDate "2014.11.20"]
[SourceVersion "1"]
[SourceVersionDate "2014.11.20"]
[SourceQuality "1"]
[WhiteTeam "Muenchen RTA"]
[BlackTeam "MSA Zugzwang II"]
[WhiteTeamCountry "GER"]
[BlackTeamCountry "GER"]

1. e4 e6 2. d4 d5 3. Nd2 Nf6 4. e5 Nfd7 5. Bd3 c5 6. c3 Nc6 7. Ngf3 f6 8. Ng5 fxg5 9. Qh5+ g6 10. Bxg6+ hxg6 11. Qxg6+ Ke7 12. Nf3 Bh6 13. Bxg5+ Bxg5 14. Qg7+ Ke8 15. Qxh8+ Nf8 16. Qh5+ Kd7 17. Nxg5 cxd4 18. Qf7+ Qe7 19. Qxe7+ Kxe7 20. cxd4 Nxd4 21. Rc1 Nc6 22. f4 Ng6 23. g3 Bd7 24. a3 Rh8 25. h4 Be8 26. b4 a6 27. Kd2 Nf8 28. g4 Nd7 29. h5 Nb6 30. Rc3 Nc4+ 31. Ke1 b5 32. Rh2 d4 33. Rg3 Ne3 34. Ne4 Bg6 35. Nf6 Bd3 36. g5 Na7 37. Rd2 Bf5 38. Rxe3 dxe3 39. Rd7+ Kf8 40. Rxa7 1-0

[Event "Regionalliga SW 1213"]
[Site "Bayern"]
[Date "2012.11.11"]
[Round "2.5"]
[White "Gashi, Gazmend"]
[Black "Boehm, Uwe"]
[Result "0-1"]
[WhiteElo "1933"]
[BlackElo "2074"]
[PlyCount "90"]
[EventDate "2012.10.14"]
[EventType "team-tourn"]
[EventRounds "9"]
[EventCountry "GER"]
[SourceTitle "EXT 2015"]
[Source "ChessBase"]
[SourceDate "2014.11.20"]
[SourceVersion "1"]
[SourceVersionDate "2014.11.20"]
[SourceQuality "1"]
[WhiteTeam "MSA Zugzwang II"]
[BlackTeam "Muenchen Siemens"]
[WhiteTeamCountry "GER"]
[BlackTeamCountry "GER"]

1. d4 d5 2. Nf3 c6 3. Bf4 Bf5 4. Nh4 Bg6 5. Nxg6 hxg6 6. e3 e6 7. Bd3 Bd6 8. c3 Bxf4 9. exf4 Nd7 10. Nd2 Ne7 11. Qe2 Qc7 12. g3 c5 13. Nf3 a6 14. h4 cxd4 15. cxd4 Nc6 16. 0-0 0-0 17. Rad1 Qd6 18. Bb1 Rfc8 19. Kg2 Nf6 20. a3 Na5 21. Ne5 Nc4 22. Rc1 b5 23. g4 Nd7 24. g5 Ncxe5 25. dxe5 Qb6 26. h5 Nf8 27. Rcd1 Rc4 28. Kg3 Rac8 29. Rh1 b4 30. h6 bxa3 31. bxa3 Rc3+ 32. f3 Qe3 33. Qg2 R8c4 34. Rh4 gxh6 35. gxh6 Kh7 36. Rf1 Nd7 37. Rg4 Rc1 38. Kh3 Nf8 39. Kg3 Rxf1 40. Qxf1 Rc1 41. Qxa6 Rxb1 42. Qc8 Qe1+ 43. Kh3 Qh1+ 44. Kg3 Rb2 45. f5 Qh2# 0-1

[Event "Regionalliga SO 0506"]
[Site "Bayern"]
[Date "2006.03.12"]
[Round "8.8"]
[White "Gashi, Gazmend"]
[Black "Trapp, Maximilian"]
[Result "0-1"]
[WhiteElo "1893"]
[BlackElo "1953"]
[PlyCount "94"]
[EventDate "2005.10.23"]
[EventType "team-tourn"]
[EventRounds "9"]
[EventCountry "GER"]
[SourceTitle "EXT 2007"]
[Source "ChessBase"]
[SourceDate "2006.11.23"]
[SourceVersion "1"]
[SourceVersionDate "2006.11.23"]
[SourceQuality "1"]
[WhiteTeam "Graefelfing SK"]
[BlackTeam "Freising SK"]
[WhiteTeamCountry "GER"]
[BlackTeamCountry "GER"]

1. d4 d5 2. Nf3 Nf6 3. c4 c6 4. Bg5 Ne4 5. Bf4 e6 6. Nc3 Bb4 7. Qb3 Qb6 8. Rc1 Nd7 9. c5 Bxc3+ 10. bxc3 Qxb3 11. axb3 b6 12. b4 Ba6 13. Ne5 Nxe5 14. Bxe5 f6 15. Bf4 bxc5 16. bxc5 0-0 17. f3 Ng5 18. Bxg5 fxg5 19. e4 Bxf1 20. Rxf1 a5 21. Kd2 a4 22. Kc2 a3 23. Kb1 Rfb8+ 24. Ka1 Rb2 25. Rg1 Rab8 26. exd5 exd5 27. Rb1 Kf7 28. Rxb2 Rxb2 29. Rb1 Rxg2 30. Rb6 Rxh2 31. Rxc6 h5 32. Rd6 g4 33. fxg4 hxg4 34. Rxd5 g3 35. Rg5 g2 36. c6 Ke7 37. Rxg7+ Kd8 38. d5 Rh1+ 39. Ka2 g1Q 40. Rxg1 Rxg1 41. Kxa3 Rb1 42. c4 Kc7 43. Ka4 Kb6 44. Ka3 Kc5 45. Ka2 Rb4 46. Ka3 Rxc4 47. Kb3 Kxd5 0-1

[Event "Regionalliga SO 0506"]
[Site "Bayern"]
[Date "2005.12.11"]
[Round "4.8"]
[White "Baumgartner, Jakob"]
[Black "Gashi, Gazmend"]
[Result "0-1"]
[WhiteElo "1867"]
[BlackElo "1867"]
[PlyCount "84"]
[EventDate "2005.10.23"]
[EventType "team-tourn"]
[EventRounds "9"]
[EventCountry "GER"]
[SourceTitle "EXT 2007"]
[Source "ChessBase"]
[SourceDate "2006.11.23"]
[SourceVersion "1"]
[SourceVersionDate "2006.11.23"]
[SourceQuality "1"]
[WhiteTeam "Dorfen PSV"]
[BlackTeam "Graefelfing SK"]
[WhiteTeamCountry "GER"]
[BlackTeamCountry "GER"]

1. f4 e5 2. fxe5 d6 3. Nf3 g5 4. exd6 g4 5. dxc7 Qxc7 6. Nd4 Bd6 7. e3 a6 8. Be2 Bxh2 9. Nc3 Qe5 10. Bc4 Nf6 11. d3 b5 12. Bb3 Bb7 13. Qe2 Nbd7 14. a3 h5 15. Bd2 Bg3+ 16. Kd1 h4 17. Rf1 h3 18. gxh3 Rxh3 19. Bxf7+ Kxf7 20. Qxg4 Qh5 21. Qxh5+ Rxh5 22. e4 Rah8 23. Nf5 Bc7 24. Ke2 Rh2+ 25. Rf2 Rxf2+ 26. Kxf2 Rh2+ 27. Ke3 Ng4+ 28. Kf3 Nde5+ 29. Kg3 Rxd2 30. Rh1 Nf6 31. Kh3 Neg4 32. Kh4 Bf4 33. Rh3 Kg6 34. Nd5 Bxd5 35. exd5 Kxf5 36. c4 Bg5+ 37. Kg3 Rxd3+ 38. Kg2 Rxh3 39. Kxh3 bxc4 40. d6 Ke6 41. d7 Kxd7 42. Kg3 Bc1 0-1